000 00299nam a22001337a 4500
008 171214b xxu||||| |||| 00| 0 eng d
020 _a9780321757944
041 _aeng
080 _210TH
_a51
100 _a36
101 _aMAT
245 _aCALCULUS WITH APPLICATIONS
_cLIAL,M.L
942 _2udc
_cBK
999 _c38911
_d38911